00648nam a2200229 a 4500001001300000003000900013005001700022008004100039020001000080082001300090245002700103260005100130300001200181500003500193505001500228650001700243710003400260902000800294942000700302952009400309999001500403nice12345678IN_TiNIC20260116012600.0050524s1891 alla grp 000 0 urd  ac10000a232bPRS aMizan-Ul-Haqq Hikayat. aAllahabadbPunjab Religious Book Societyc1891 a349-386 aincludes index and biblioraphy2 aRoman Urdu aJesus Christ2 aPunjab Religious Book Society bSRS cBK 00104070aHMIbHMId2007-06-15g100.00l0o232 PRSp11000r2007-06-15w2026-01-16yARB c7541d7541